000 01442cam a2200385 a 4500
001 200468289
003 TR-AnTOB
005 20260424112253.0
007 ta
008 970414t19651958nyu b 000 1 eng
010 _a97013726
020 _a0140436693
040 _aDLC
_cDLC
_dOCL
_dXY4
_dBGZ
_dTR-AnTOB
_beng
_erda
041 0 _aeng
050 1 4 _aPS1316
_b.A1 1965
090 _aPS1316
_b.A1 1965
100 1 _aTwain, Mark,
_d1835-1910
_9116971
_eauthor
245 1 4 _aThe prince and the pauper :
_ba tale of young people of all ages /
_cby Mark Twain [Samuel L. Clemens].
260 _bPenguin Books,
_c1997.
264 _aNew York :
_bHarper & Row, Publishers,
_c1965.
264 4 _c©1965, 1958
300 _axix,, 199 pages ;
_c20 cm
336 _atext
_btxt
_2rdacontent
337 _aunmediated
_bn
_2rdamedia
338 _avolume
_bnc
_2rdacarrier
520 _aWhen chance brings Edward Tudor and Tom Canty together, they decide for fun to switch clothes and places. Exchanging their roles as heir to the throne of England and as a pauper's son, they learn how the other half really lives.
600 0 0 _aEdward
_bVI,
_cKing of England,
_d1537-1553
_vFiction.
650 0 _aImpostors and imposture
_vFiction.
_988144
650 0 _aPoor children
_vFiction.
650 0 _aPrinces
_vFiction.
650 0 _aBoys
_vFiction.
_935002
651 0 _aLondon (England)
_vFiction.
_95101
942 _2lcc
_cBK
999 _c200468289
_d86501